[Event "DVM U12w 2021"]
[Site "Willingen GER"]
[Date "2022.08.15"]
[Round "5"]
[White "Achilles, Rosa"]
[Black "Sayouf, Rafif"]
[Result "1-0"]
[Termination "normal"]
[Board "1.4"]
[WhiteElo "1026"]
[BlackElo "1102"]
[WhiteClock "00:35:18"]
[BlackClock "00:32:12"]
[WhiteTeam "SchachAkademiePaderborn"]
[BlackTeam "USG Chemnitz"]
[PlyCount "115"]
[WhiteFideId "34630066"]
[BlackFideId "34630333"]
[EventCountry "GER"]
[EventRounds "7"]
[EventType "team-swiss"]
[EventDate "2022.08.12"]

1. d4 {[%clk 01:30:43]} {[%emt 00:00:05]} d5 {[%clk 01:31:11]} 2. Nf3 {[%clk
01:31:03]} Nf6 {[%clk 01:31:26]} 3. g3 {[%clk 01:30:51]} Bf5 {[%clk 01:31:23]}
4. Bg2 {[%clk 01:30:51]} Nc6 {[%clk 01:30:29]} 5. a3 {[%clk 01:31:04]} e6
{[%clk 01:30:48]} 6. O-O {[%clk 01:31:04]} h6 {[%clk 01:30:42]} 7. c4 {[%clk
01:27:30]} dxc4 {[%clk 01:27:50]} 8. Be3 {[%clk 01:25:10]} Bd6 {[%clk
01:26:39]} 9. Qa4 {[%clk 01:24:26]} O-O {[%clk 01:25:40]} 10. Qxc4 {[%clk
01:16:47]} Be4 {[%clk 01:16:48]} 11. Nc3 {[%clk 01:14:17]} b6 {[%clk 01:15:23]}
12. Nxe4 {[%clk 01:13:01]} Na5 {[%clk 01:15:02]} 13. Nxf6+ {[%clk 01:13:19]}
Qxf6 {[%clk 01:13:55]} 14. Qc2 {[%clk 01:13:12]} Rac8 {[%clk 01:11:43]} 15. Nd2
{[%clk 01:11:24]} c5 {[%clk 01:07:40]} 16. Ne4 {[%clk 01:11:25]} Qe7 {[%clk
01:06:45]} 17. Nxd6 {[%clk 01:11:45]} Qxd6 {[%clk 01:05:52]} 18. dxc5 {[%clk
01:11:59]} bxc5 {[%clk 01:05:11]} 19. Qc3 {[%clk 01:09:28]} Qb6 {[%clk
01:02:54]} 20. b4 {[%clk 01:09:01]} Nb7 {[%clk 01:02:32]} 21. Bxb7 {[%clk
01:09:26]} Qxb7 {[%clk 01:02:17]} 22. bxc5 {[%clk 01:08:53]} Qb5 {[%clk
01:01:20]} 23. Rfe1 {[%clk 01:08:05]} Rfe8 {[%clk 01:01:13]} 24. Qb4 {[%clk
01:08:15]} Qc6 {[%clk 01:00:29]} 25. Red1 {[%clk 01:06:41]} Qc7 {[%clk
00:59:36]} 26. Rac1 {[%clk 01:06:46]} Qe7 {[%clk 00:59:21]} 27. c6 {[%clk
01:07:11]} Qf6 {[%clk 00:55:52]} 28. c7 {[%clk 01:05:33]} e5 {[%clk 00:55:23]}
29. Bxa7 {[%clk 01:04:39]} Qa6 {[%clk 00:52:18]} {[%emt 01:32:51]} 30. Be3
{[%clk 01:04:55]} {[%emt 00:00:39]} Qxe2 {[%clk 00:50:53]} {[%emt 00:00:13]}
31. Re1 {[%clk 01:05:13]} Qf3 {[%clk 00:49:30]} 32. h3 Re6 {[%clk 00:50:53]}
33. Red1 {[%clk 01:05:13]} Ree8 {[%clk 00:49:30]} 34. Qg4 Qf6 {[%clk 00:50:53]}
35. Qc4 {[%clk 01:05:13]} Qf3 {[%clk 00:49:30]} 36. Rd7 Qf6 {[%clk 00:50:53]}
37. Rcd1 {[%clk 01:05:13]} e4 {[%clk 00:50:53]} 38. Bd4 {[%clk 01:05:13]} Qf3
{[%clk 00:40:06]} {[%emt 00:23:31]} 39. Ba1 {[%clk 00:59:26]} e3 {[%clk
00:39:30]} {[%emt 00:03:03]} 40. Rf1 {[%clk 00:59:32]} e2 {[%clk 00:39:39]}
{[%emt 00:01:14]} 41. Re1 {[%clk 00:59:54]} Qf5 {[%clk 00:39:15]} {[%emt
00:03:41]} 42. Qc3 {[%clk 00:57:04]} f6 {[%clk 00:38:02]} {[%emt 00:01:43]} 43.
Qc4+ {[%clk 00:56:45]} Kh8 {[%clk 00:38:09]} {[%emt 00:02:01]} 44. Qd4 {[%clk
00:56:58]} Qa5 {[%clk 00:37:14]} {[%emt 00:02:03]} 45. Qc3 {[%clk 00:55:46]}
Qb5 {[%clk 00:37:00]} {[%emt 00:02:53]} 46. Qd3 {[%clk 00:54:49]} Qa5 {[%clk
00:37:00]} 47. Rxe2 {[%clk 00:54:49]} Rf8 {[%clk 00:34:49]} {[%emt 00:20:10]}
48. Ree7 {[%clk 00:37:10]} Qg5 {[%clk 00:34:02]} 49. f4 {[%clk 00:36:38]} Qc5+
{[%clk 00:32:29]} 50. Bd4 {[%clk 00:37:01]} Qc1+ {[%clk 00:32:42]} 51. Kh2
{[%clk 00:36:09]} Rg8 {[%clk 00:32:53]} 52. Bxf6 {[%clk 00:34:26]} Qc5 {[%clk
00:32:12]} 53. Bxg7+ {[%clk 00:34:50]} Rxg7 {[%clk 00:32:27]} 54. Rxg7 {[%clk
00:38:37]} Qf2+ {[%clk 00:32:12]} {[%emt 00:13:08]} 55. Kh1 {[%clk 00:35:18]}
Qe1+ {[%clk 00:32:12]} 56. Kg2 {[%clk 00:35:18]} Qe2+ {[%clk 00:32:12]} 57.
Qxe2 {[%clk 00:35:18]} Rxc7 {[%clk 00:32:12]} 58. Qe8# {[%clk 00:35:18]} 1-0

[Event "DVM U12w 2021"]
[Site "Willingen GER"]
[Date "2022.08.15"]
[Round "5"]
[White "Leicher, Anna"]
[Black "Brandt, Clara"]
[Result "1/2-1/2"]
[Termination "normal"]
[Board "4.2"]
[WhiteElo "1252"]
[BlackElo "1161"]
[WhiteClock "00:09:30"]
[BlackClock "00:11:04"]
[WhiteTeam "FC Bayern München"]
[BlackTeam "Schachgemeinschaft Porz"]
[PlyCount "80"]
[WhiteFideId "34614966"]
[BlackFideId "34614737"]
[EventCountry "GER"]
[EventRounds "7"]
[EventType "team-swiss"]
[EventDate "2022.08.12"]

1. e4 {[%clk 01:30:55]} {[%emt 00:00:03]} e6 {[%clk 01:31:09]} 2. d4 {[%clk
01:31:18]} d5 {[%clk 01:31:26]} 3. exd5 {[%clk 01:31:41]} exd5 {[%clk
01:31:18]} 4. Nf3 {[%clk 01:30:42]} Nc6 {[%clk 01:30:34]} 5. Bd3 {[%clk
01:28:32]} Bd6 {[%clk 01:30:09]} 6. O-O {[%clk 01:27:03]} Nf6 {[%clk 01:28:52]}
7. Re1+ {[%clk 01:23:24]} Be7 {[%clk 01:26:17]} 8. h3 {[%clk 01:22:02]} O-O
{[%clk 01:25:51]} 9. c4 {[%clk 01:15:50]} dxc4 {[%clk 01:25:07]} 10. Bxc4
{[%clk 01:13:07]} Na5 {[%clk 01:19:46]} 11. Bd3 {[%clk 01:09:55]} c5 {[%clk
01:09:04]} 12. dxc5 {[%clk 01:07:36]} Bxc5 {[%clk 01:06:53]} 13. Qc2 {[%clk
00:59:32]} Qb6 {[%clk 01:04:24]} 14. Ng5 {[%clk 00:56:37]} g6 {[%clk 00:58:09]}
15. Nc3 {[%clk 00:52:43]} Bd7 {[%clk 00:54:27]} 16. Nce4 {[%clk 00:48:22]} Bd4
{[%clk 00:44:47]} 17. Nxf6+ {[%clk 00:48:04]} Bxf6 {[%clk 00:43:35]} 18. Ne4
{[%clk 00:45:15]} Bg7 {[%clk 00:39:53]} 19. Be3 {[%clk 00:42:20]} Qc6 {[%clk
00:36:25]} 20. Qd2 {[%clk 00:37:17]} Nc4 {[%clk 00:33:47]} 21. Bxc4 {[%clk
00:37:06]} Qxc4 {[%clk 00:33:07]} 22. Bh6 {[%clk 00:35:25]} Bf5 {[%clk
00:27:02]} 23. Nd6 {[%clk 00:31:54]} Qc2 {[%clk 00:26:36]} 24. Nxf5 {[%clk
00:30:08]} Qxf5 {[%clk 00:25:00]} 25. Bxg7 {[%clk 00:29:57]} Kxg7 {[%clk
00:24:27]} 26. Re7 {[%clk 00:29:14]} b6 {[%clk 00:23:45]} 27. Qc3+ {[%clk
00:28:40]} Qf6 {[%clk 00:23:29]} 28. Qa3 {[%clk 00:27:29]} a5 {[%clk 00:21:29]}
29. Rae1 {[%clk 00:24:37]} Rfc8 {[%clk 00:20:24]} 30. Qb3 {[%clk 00:23:08]} Rc6
{[%clk 00:19:14]} 31. Qd5 {[%clk 00:22:35]} Rac8 {[%clk 00:15:02]} 32. Qb3
{[%clk 00:21:19]} Rc2 {[%clk 00:13:48]} 33. R7e2 {[%clk 00:20:58]} Rxe2 {[%clk
00:13:52]} 34. Rxe2 {[%clk 00:19:26]} Rc1+ {[%clk 00:14:01]} 35. Kh2 {[%clk
00:17:21]} Qd6+ {[%clk 00:12:25]} 36. Qg3 {[%clk 00:12:24]} Qxg3+ {[%clk
00:12:35]} 37. Kxg3 {[%clk 00:11:11]} Rc7 {[%clk 00:12:13]} 38. Rd2 {[%clk
00:10:22]} Rb7 {[%clk 00:11:48]} 39. Kf3 {[%clk 00:10:00]} Kh6 {[%clk
00:11:04]} 40. Rd6 {[%clk 00:09:30]} Kg5 *

[Event "DVM U12w 2021"]
[Site "Willingen GER"]
[Date "2022.08.15"]
[Round "5"]
[White "Striebeck, Liv"]
[Black "Prokscha, Charlotte"]
[Result "1/2-1/2"]
[Termination "normal"]
[Board "5.1"]
[WhiteElo "1003"]
[BlackElo "1241"]
[WhiteClock "00:07:09"]
[BlackClock "00:29:39"]
[WhiteTeam "TuRa Harksheide von 1945 Norderstedt"]
[BlackTeam "SC Garching 1980"]
[PlyCount "115"]
[WhiteFideId "16275438"]
[BlackFideId "34614699"]
[EventCountry "GER"]
[EventRounds "7"]
[EventType "team-swiss"]
[EventDate "2022.08.12"]

1. e4 {[%clk 01:30:58]} {[%emt 00:00:02]} c5 {[%clk 01:30:53]} {[%emt
00:00:07]} 2. d4 {[%clk 01:31:23]} {[%emt 00:00:05]} cxd4 {[%clk 01:31:18]}
{[%emt 00:00:05]} 3. c3 {[%clk 01:31:49]} {[%emt 00:00:05]} e6 {[%clk
01:31:12]} {[%emt 00:00:35]} 4. cxd4 {[%clk 01:31:53]} {[%emt 00:00:26]} Nf6
{[%clk 01:31:12]} {[%emt 00:00:29]} 5. Nc3 {[%clk 01:31:57]} {[%emt 00:00:27]}
Bb4 {[%clk 01:31:01]} {[%emt 00:00:42]} 6. Bd3 {[%clk 01:29:56]} {[%emt
00:02:30]} Nc6 {[%clk 01:30:04]} {[%emt 00:01:27]} 7. Nf3 {[%clk 01:30:19]}
{[%emt 00:00:08]} d5 {[%clk 01:28:01]} {[%emt 00:02:32]} 8. e5 {[%clk
01:26:21]} {[%emt 00:04:29]} Nd7 {[%clk 01:25:59]} {[%emt 00:02:31]} 9. O-O
{[%clk 01:23:39]} {[%emt 00:03:11]} O-O {[%clk 01:26:17]} {[%emt 00:00:13]} 10.
a3 {[%clk 01:20:58]} {[%emt 00:03:12]} Be7 {[%clk 01:25:16]} {[%emt 00:01:29]}
11. Be3 {[%clk 01:14:08]} {[%emt 00:07:21]} a6 {[%clk 01:23:02]} {[%emt
00:02:44]} 12. g3 {[%clk 01:11:55]} {[%emt 00:02:42]} b5 {[%clk 01:21:17]}
{[%emt 00:02:16]} 13. b4 {[%clk 01:09:20]} {[%emt 00:03:05]} Bb7 {[%clk
01:19:51]} {[%emt 00:01:56]} 14. Qc1 {[%clk 01:01:19]} {[%emt 00:08:31]} Rc8
{[%clk 01:16:49]} {[%emt 00:03:30]} 15. Rd1 {[%clk 01:00:10]} {[%emt 00:01:41]}
Nb6 {[%clk 01:12:16]} {[%emt 00:05:02]} 16. Qd2 {[%clk 00:58:17]} {[%emt
00:02:24]} Nc4 {[%clk 01:07:37]} {[%emt 00:05:09]} 17. Bxc4 {[%clk 00:57:16]}
{[%emt 00:01:31]} bxc4 {[%clk 01:06:03]} {[%emt 00:02:03]} 18. Rdb1 {[%clk
00:55:54]} {[%emt 00:01:52]} Rb8 {[%clk 01:02:47]} {[%emt 00:03:47]} 19. Kf1
{[%clk 00:52:48]} {[%emt 00:03:36]} f6 {[%clk 00:58:11]} {[%emt 00:05:06]} 20.
h4 {[%clk 00:50:22]} {[%emt 00:02:56]} fxe5 {[%clk 00:57:35]} {[%emt 00:01:06]}
21. Nxe5 {[%clk 00:50:19]} {[%emt 00:00:33]} Nxe5 {[%clk 00:56:37]} {[%emt
00:01:28]} 22. dxe5 {[%clk 00:50:39]} {[%emt 00:00:09]} Qc7 {[%clk 00:54:48]}
{[%emt 00:02:19]} 23. Bf4 {[%clk 00:49:18]} {[%emt 00:01:51]} Bc6 {[%clk
00:53:34]} {[%emt 00:01:44]} 24. f3 {[%clk 00:45:22]} {[%emt 00:04:26]} Rf7
{[%clk 00:51:10]} {[%emt 00:02:54]} 25. Kg2 {[%clk 00:43:33]} {[%emt 00:02:19]}
Rbf8 {[%clk 00:50:40]} {[%emt 00:01:00]} 26. Rh1 {[%clk 00:41:40]} {[%emt
00:02:23]} Qd8 {[%clk 00:43:49]} {[%emt 00:06:38]} 27. Ne2 {[%clk 00:37:34]}
{[%emt 00:05:20]} Qd7 {[%clk 00:39:13]} {[%emt 00:05:00]} 28. Nd4 {[%clk
00:32:06]} {[%emt 00:06:04]} Bb5 {[%clk 00:35:36]} {[%emt 00:04:07]} 29. Nxb5
{[%clk 00:30:36]} {[%emt 00:01:59]} axb5 {[%clk 00:35:51]} {[%emt 00:00:16]}
30. Raf1 {[%clk 00:27:39]} {[%emt 00:03:26]} Qa7 {[%clk 00:33:44]} {[%emt
00:02:36]} 31. Qc1 {[%clk 00:27:00]} {[%emt 00:01:10]} d4 {[%clk 00:32:43]}
{[%emt 00:01:31]} 32. Bg5 {[%clk 00:25:31]} {[%emt 00:01:59]} Qa8 {[%clk
00:30:12]} {[%emt 00:03:01]} 33. Bxe7 {[%clk 00:24:12]} {[%emt 00:01:50]} Rxe7
{[%clk 00:30:28]} {[%emt 00:00:14]} 34. g4 {[%clk 00:18:40]} {[%emt 00:06:02]}
Qd5 {[%clk 00:30:31]} {[%emt 00:00:22]} 35. Rh3 {[%clk 00:16:58]} {[%emt
00:02:17]} Qxe5 {[%clk 00:30:36]} {[%emt 00:00:24]} 36. Qe1 {[%clk 00:15:46]}
{[%emt 00:01:43]} Qxe1 {[%clk 00:30:37]} {[%emt 00:00:29]} 37. Rxe1 {[%clk
00:16:09]} {[%emt 00:00:07]} d3 {[%clk 00:30:50]} {[%emt 00:00:17]} 38. Rhh1
{[%clk 00:15:01]} {[%emt 00:01:38]} Ra8 {[%clk 00:30:44]} {[%emt 00:00:36]} 39.
Ra1 {[%clk 00:15:07]} {[%emt 00:00:24]} e5 {[%clk 00:30:56]} {[%emt 00:00:18]}
40. Kf2 {[%clk 00:14:31]} {[%emt 00:01:05]} Rf8 {[%clk 00:29:27]} {[%emt
00:02:00]} 41. Ke3 {[%clk 00:14:24]} {[%emt 00:00:36]} Rfe8 {[%clk 00:29:10]}
{[%emt 00:00:48]} 42. a4 {[%clk 00:13:43]} {[%emt 00:01:11]} bxa4 {[%clk
00:29:17]} {[%emt 00:00:23]} 43. Rxa4 {[%clk 00:14:07]} {[%emt 00:00:06]} e4
{[%clk 00:29:34]} {[%emt 00:00:13]} 44. f4 {[%clk 00:13:58]} {[%emt 00:00:40]}
c3 {[%clk 00:29:46]} {[%emt 00:00:17]} 45. b5 {[%clk 00:13:27]} {[%emt
00:01:01]} Rd8 {[%clk 00:28:37]} {[%emt 00:01:38]} 46. Rd4 {[%clk 00:11:31]}
{[%emt 00:02:26]} Rxd4 {[%clk 00:28:53]} {[%emt 00:00:15]} 47. Kxd4 {[%clk
00:09:37]} {[%emt 00:01:38]} c2 {[%clk 00:29:15]} {[%emt 00:00:53]} 48. Kc3
{[%clk 00:09:46]} {[%emt 00:00:22]} Kf8 {[%clk 00:29:14]} {[%emt 00:00:31]} 49.
Kd2 {[%clk 00:09:34]} {[%emt 00:00:41]} Ke8 {[%clk 00:29:38]} {[%emt 00:00:07]}
50. Ra1 {[%clk 00:09:54]} {[%emt 00:00:10]} Kd7 {[%clk 00:29:37]} {[%emt
00:00:30]} 51. Ra7+ {[%clk 00:09:47]} {[%emt 00:00:38]} Kd8 {[%clk 00:29:42]}
{[%emt 00:00:24]} 52. b6 {[%clk 00:09:25]} {[%emt 00:00:53]} Re6 {[%clk
00:28:59]} {[%emt 00:01:12]} 53. Ra8+ {[%clk 00:09:15]} {[%emt 00:00:41]} Kd7
{[%clk 00:28:49]} {[%emt 00:00:40]} 54. b7 {[%clk 00:09:14]} {[%emt 00:00:31]}
Rc6 {[%clk 00:29:04]} {[%emt 00:00:15]} 55. Rd8+ {[%clk 00:08:07]} {[%emt
00:01:07]} Kxd8 {[%clk 00:29:30]} {[%emt 00:00:33]} 56. b8=Q+ {[%emt 00:00:14]}
Kd7 {[%emt 00:00:48]} 57. Qb7+ {[%clk 00:07:11]} {[%emt 00:00:24]} Kd6 {[%clk
00:29:39]} {[%emt 00:00:20]} 58. Qb4+ {[%clk 00:07:09]} {[%emt 00:00:34]} *

[Event "DVM U12w 2021"]
[Site "Willingen GER"]
[Date "2022.08.15"]
[Round "5"]
[White "Marrufo, Leandra"]
[Black "Bykov, Sophia"]
[Result "0-1"]
[Termination "normal"]
[Board "6.4"]
[WhiteElo "701"]
[BlackElo "896"]
[WhiteClock "02:00:11"]
[BlackClock "00:28:05"]
[WhiteTeam "SV Werder Bremen"]
[BlackTeam "Karlsruher SF 1853"]
[PlyCount "49"]
[WhiteFideId "34630260"]
[BlackFideId "34630104"]
[EventCountry "GER"]
[EventRounds "7"]
[EventType "team-swiss"]
[EventDate "2022.08.12"]

1. e4 {[%clk 01:30:55]} {[%emt 00:00:02]} e5 {[%clk 01:31:19]} 2. Nf3 {[%clk
01:31:20]} Nc6 {[%clk 01:31:36]} 3. d4 {[%clk 01:31:38]} d6 {[%clk 01:31:47]}
4. d5 {[%clk 01:31:25]} Nb4 {[%clk 01:26:01]} 5. Nc3 {[%clk 01:31:37]} Nf6
{[%clk 01:26:01]} 6. Bg5 {[%clk 01:32:01]} h6 {[%clk 01:26:22]} 7. Bh4 {[%clk
01:32:26]} g5 {[%clk 01:24:59]} 8. Bg3 {[%clk 01:32:30]} h5 {[%clk 01:25:14]}
9. h3 {[%clk 01:32:33]} g4 {[%clk 01:08:19]} 10. Nd2 {[%clk 01:32:27]} Bh6
{[%clk 00:58:20]} 11. Be2 {[%clk 01:32:08]} Bd7 {[%clk 00:55:50]} 12. f3 {[%clk
01:31:29]} Ng8 {[%clk 00:53:48]} 13. hxg4 {[%clk 01:31:11]} hxg4 {[%clk
00:45:56]} 14. Bc4 {[%clk 01:30:38]} f5 {[%clk 00:39:46]} 15. a3 {[%clk
01:30:54]} f4 {[%clk 00:38:55]} 16. Bf2 {[%clk 01:30:59]} g3 {[%clk 00:37:00]}
17. Bg1 {[%clk 01:30:52]} Na6 {[%clk 00:35:39]} 18. Qe2 {[%clk 01:30:05]} c6
{[%clk 00:34:14]} {[%emt 01:16:00]} 19. O-O-O {[%clk 01:30:09]} b5 {[%clk
00:34:11]} 20. Ba2 {[%clk 01:29:35]} b4 {[%clk 00:33:53]} 21. axb4 {[%clk
01:29:41]} Bc8 {[%clk 00:30:23]} 22. Bc4 {[%clk 01:29:52]} Nxb4 {[%clk
00:10:43]} 23. Nb3 {[%clk 01:29:50]} a5 {[%clk 00:28:54]} 24. Kb1 {[%clk
02:00:11]} a4 {[%clk 00:28:05]} 25. Na1 0-1